| 000 | 00000nam##2200000za#4500 |
| 001 | 9.612368 |
| 003 | CaOODSP |
| 005 | 20200327124453 |
| 007 | ta |
| 008 | 150406|1994||||xxc||||| f|0| 0 eng|d |
| 022 | |a0706-6457 |
| 040 | |aCaOODSP|beng |
| 043 | |an-cn--- |
| 086 | 1 |aFs97-6/2001E |
| 110 | 1 |aCanada. |bDepartment of Fisheries and Oceans. |
| 245 | 10|aChurchill River diversion : |beffects on benthic invertebrates in lakes along the lower Churchill and the diversion route / |cby A. P. Wiens and D. M. Rosenberg. |
| 260 | |aOttawa - Ontario : |bFisheries and Oceans Canada |c1994. |
| 300 | |aiv, 29p. : |bgraphs, references, tables ; |c28 cm. |
| 490 | 1 |aCanadian technical report of fisheries and aquatic sciences|x0706-6457|v2001 |
| 500 | |aPrepared at the Central and Arctic Region, Department of Fisheries and Oceans, Winnipeg, Manitoba R3T 2N6. |
| 546 | |aRésumés en français |
| 563 | |aSoftcover |
| 720 | 1 |aWiens, A. P. |
| 720 | 1 |aRosenberg, D. M. |
| 776 | 0#|tChurchill River diversion : |w(CaOODSP)9.573826 |
| 830 | #0|aCanadian technical report of fisheries and aquatic sciences,|x0706-6457|v2001|w(CaOODSP)9.514691 |